Pakistan Engineering Congress : 72nd Annual Session 2011-2013 PROCEEDINGS, Vol-73 (Record no. 62268)
[ view plain ]
| 000 -LEADER | |
|---|---|
| fixed length control field | 00659nam a22001937a 4500 |
| 003 - CONTROL NUMBER IDENTIFIER | |
| control field | NUST-PNEC |
| 005 - DATE AND TIME OF LATEST TRANSACTION | |
| control field | 20170116180743.0 |
| 008 - FIXED-LENGTH DATA ELEMENTS--GENERAL INFORMATION | |
| fixed length control field | 150107b xxu||||| |||| 00| 0 eng d |
| 020 ## - INTERNATIONAL STANDARD BOOK NUMBER | |
| International Standard Book Number | 9789696030195 |
| 040 ## - CATALOGING SOURCE | |
| Transcribing agency | PNEC |
| 082 ## - DEWEY DECIMAL CLASSIFICATION NUMBER | |
| Classification number | 050 GHU |
| 245 ## - TITLE STATEMENT | |
| Title | Pakistan Engineering Congress : 72nd Annual Session 2011-2013 PROCEEDINGS, Vol-73 |
| Statement of responsibility, etc. | Engr. Ch. Ghulam Hussain |
| 250 ## - EDITION STATEMENT | |
| Edition statement | Volume-73 |
| 260 ## - PUBLICATION, DISTRIBUTION, ETC. | |
| Place of publication, distribution, etc. | Lahore |
| Name of publisher, distributor, etc. | PEC |
| Date of publication, distribution, etc. | c2011. |
| 300 ## - PHYSICAL DESCRIPTION | |
| Extent | x, 410 p. : |
| Other physical details | ill. ; |
| Dimensions | 29 cm. |
| 650 ## - SUBJECT ADDED ENTRY--TOPICAL TERM | |
| General subdivision | General |
| 856 ## - ELECTRONIC LOCATION AND ACCESS | |
| Uniform Resource Identifier | <a href="http://pecongress.org.pk/detail.php?subcat_id=622&cat_id=430&cat_name=72nd%20ANNUAL%20SESSION%202011%962013&maincat_name=Proceedings">http://pecongress.org.pk/detail.php?subcat_id=622&cat_id=430&cat_name=72nd%20ANNUAL%20SESSION%202011%962013&maincat_name=Proceedings</a> |
| 942 ## - ADDED ENTRY ELEMENTS (KOHA) | |
| Source of classification or shelving scheme | |
| Koha item type | Book |
| Withdrawn status | Lost status | Source of classification or shelving scheme | Damaged status | Not for loan | Permanent Location | Current Location | Shelving location | Date acquired | Source of acquisition | Cost, normal purchase price | Total Checkouts | Full call number | Barcode | Date last seen | Cost, replacement price | Price effective from | Koha item type |
|---|---|---|---|---|---|---|---|---|---|---|---|---|---|---|---|---|---|
| Pakistan Navy Engineering College (PNEC) | Pakistan Navy Engineering College (PNEC) | 06/09/2014 | Donated By Royal Book Company | 0.00 | 050 GHU | PNECLIB-031609 | 01/07/2015 | 0.00 | 06/09/2014 | Book |
